Joseph W Horsford v Lester B Bird and others (Record no. 76999)

MARC details
000 -LEADER
fixed length control field 01642cab a2200193 4500
001 - CONTROL NUMBER
control field ##L133427
008 - FIXED-LENGTH DATA ELEMENTS--GENERAL INFORMATION
fixed length control field 060508n2006 000 0 eng u
035 ## - SYSTEM CONTROL NUMBER
System control number (Sirsi) u133427
041 0# - LANGUAGE CODE
Language code of text/sound track or separate title eng
245 00 - TITLE STATEMENT
Title Joseph W Horsford v Lester B Bird and others
260 ## - PUBLICATION, DISTRIBUTION, ETC.
Date of publication, distribution, etc. 2006
520 ## - SUMMARY, ETC.
Summary, etc. [2006] UKPC 3 [2006], 17 January 2006. Considers the basis for assessing damages for trespass to land in place of an injunction to remove a wall built on the wrong boundary line. H appealed against the decision of the Court of Appeal of Antigua and Barbuda reducing his award of damages for trespass to land on the basis that no case for aggravated damages had been made out. Contractors building a new house for B had taken some of H's undeveloped land when erecting B's boundary wall and fence. H's request for an injunction to get the wall and fence removed was refused but B was ordered to pay a level of damages which included a substantial amount for aggravated damages. Subsequently CA took the view that no case for aggravated damages had been established. "Held": appeal allowed in part. The award of damages was set at EC Dollars 44 192. Nothing had been done to justify the award of aggravated damages. H was entitled also to mesne profits for the use of his land from November 1994 to February 2003.
590 ## - LOCAL NOTE (RLIN)
Local note IKA090506
650 24 - SUBJECT ADDED ENTRY--TOPICAL TERM
Topical term or geographic name entry element WROTHAM PARK ESTATE CO LTD V PARKSIDE HOMES LTD
650 ## - SUBJECT ADDED ENTRY--TOPICAL TERM
Topical term or geographic name entry element HORSFORD V BIRD AND OTHERS
690 ## - LOCAL SUBJECT ADDED ENTRY--TOPICAL TERM (OCLC, RLIN)
Topical term or geographic name as entry element PROPERTY-PROPERTY MANAGEMENT-BOUNDARY DETERMINATION-BOUNDARIES
856 40 - ELECTRONIC LOCATION AND ACCESS
Uniform Resource Identifier <a href="https://www.bailii.org/uk/cases/UKPC/2006/3.html">https://www.bailii.org/uk/cases/UKPC/2006/3.html</a>
Public note View the judgment free of charge at www.bailii.org...
942 ## - ADDED ENTRY ELEMENTS (KOHA)
Suppress in OPAC 0
Holdings
Withdrawn status Lost status Source of classification or shelving scheme Damaged status Not for loan Home library Current library Shelving location Date acquired Total Checkouts Full call number Barcode Date last seen Copy number Price effective from Koha item type
    Dewey Decimal Classification     Virtual Virtual Online 08/05/2006   ONLINE PUBLICATION 133427-2001 06/08/2019 1 06/08/2019 Law report